70 - Né(es) un 10 mars - Statistiques

Statistiques générales
  • Ce quiz a été pris 14 fois
  • Le résultat moyen est 3 sur 9
Statistiques - réponses
HINT HINT ANSWER % Correct
Animateur de "Vendredi tout est permis" sur TF1. 1966 Jacques Essebag|Arthur
92%
Actrice américaine qui a acquis une renommée internationale pour son rôle de Catherine Tramell dans "Basic Instinct". 1958 Sharon Stone
62%
Parolier et chanteur français. A composé "À toutes les filles..." et "Il faut laisser le temps au temps". 1954 Didier Barbelivien
54%
Nom du quatrième et dernier enfant d'Élisabeth II et du prince Philip. 1964 Edward d'Édimbourg|Edward
54%
Industriel français, pionnier de l'industrie automobile, associé à Georges Bouton. Sénateur de 1923 à 1941. 1856 Jules-Albert de Dion
31%
Chanteuse suédoise qui interprèta "Seven Seconds" en duo avec Youssou N'Dour, et le titre "Woman". 1964 Neneh Cherry
23%
Actrice américaine. Révélée dans "Dr House". Vue dans "Tron : L'Héritage", "Cowboys et Envahisseurs", "Rush" et "Her". 1984 Olivia Jane Cockburn|Olivia Wilde
23%
Homme politique français membre du parti républicain. Fut ministre à plusieurs reprises (Agriculture en 1938, Commerce et Industrie en 1926). 1862 Fernand Chapsal
0%
Bassiste de rock américain. Un des membres fondateurs du groupe Pearl Jam. 1963 Jeff Ament
0%
Aucun quiz correspondant
Distribution des résultats
% des personnes avec chaque résultat
Percentile par nombre de réponses
Votre historique - résultats
Vous n’avez pas pris ce quiz